|
|
|
|
| LEADER |
00000nam a22000007a 4500 |
| 005 |
2020102003053.0 |
| 007 |
cr|||| |||| |
| 008 |
201020c20149999uy qr|w s|||| 0|||b1eng d |
| 022 |
|
|
|a 2409-9058
|
| 035 |
|
|
|a 32228
|
| 040 |
|
|
|a vLex
|
| 090 |
|
|
|c 10772
|d 10772
|
| 245 |
1 |
0 |
|a BRICS Law Journal
|h [Recurso electrn̤ico] /
|
| 256 |
|
|
|a Servicio en ln̕ea
|
| 260 |
|
|
|a Montevideo:
|b BRICS Law Journal,
|c 2014 -
|
| 300 |
|
|
|a 1 recurso electrn̤ico
|
| 310 |
|
|
|a Trimestral
|
| 362 |
|
|
|a Nð 1-1 (Ene. 2014) -
|
| 506 |
1 |
|
|a Disponible solo en los productos indicados
|d vLex Global
|d vLex Global (Academic Edition, excluding Law Schools)
|d vLex Global (U.S. Academic Edition, Law Schools)
|d vLex Global (U.S. Academic Edition, excluding Law Schools)
|d vLex Global (Academic Edition, Law Schools)
|
| 650 |
0 |
4 |
|a Derecho Fiscal
|z Uruguay
|
| 740 |
0 |
|
|a vLex Revistas (Servicio en ln̕ea)
|
| 856 |
4 |
0 |
|u http://vlex.com/source/brics-law-journal-32228
|z Acceso restringido
|
| 942 |
|
|
|c REV
|
| 999 |
0 |
|
|a Tax Law
|